| 000 | 00959nam a2200277Ia 4500 | ||
|---|---|---|---|
| 008 | 130821s2003 ck gr spa | ||
| 020 | _a958 30 0156 2 | ||
| 020 | _a958 30 0876 1 | ||
| 040 |
_aCo-BoUCM _bspa |
||
| 041 | 0 | 0 | _aspa |
| 100 | 1 |
_aDescartes, René _d1596-1650 _937050 |
|
| 245 | 1 | 0 |
_aMeditaciones metafísicas _cRené Descartes ; adaptación Jorge Acosta A. ; prólogo Luis Armando Soto Boutín |
| 250 | _aEdición Gabriel Silva Rincón. | ||
| 260 |
_aBogotá (Colombia) _bPanamericana Editorial _c2003 |
||
| 300 | _aviii, 76 páginas | ||
| 490 | 0 | _aFilosofía & Política | |
| 600 |
_aDios _9604 |
||
| 650 |
_aFilosofía francesa _915814 |
||
| 650 |
_aFilosofía _975 |
||
| 650 |
_aRacionalismo _923022 |
||
| 700 | 1 |
_aAcosta A., Jorge _9169781 |
|
| 700 | 1 |
_aSilva Rincón, Gabriel _d1955- _eed. _940707 |
|
| 700 | 1 |
_aSoto Boutín, Luis Armando _9169782 |
|
| 942 |
_cLIBRO _a2 _e1 _mD37me _2DEWEY _h110 |
||
| 999 |
_c77684 _d77684 |
||